[Event "Challenge"]
[Site "http://www.queenalice.com/game.php?id=1864131"]
[Date "2025.10.13"]
[Round "-"]
[White "ChrisBidlack"]
[Black "MisterTibs"]
[Result "0-1"]
[WhiteElo "2011"]
[BlackElo "2335"]

1. a4 a5 2. h4 h5 3. Nf3 Nf6 4. g3 d5 5. d4 g6 6. Bg5 Bg7 7. Nc3 O-O 8. Bg2 c6
9. O-O Nbd7 10. Kh2 Nb6 11. Bxf6 Bxf6 12. Bh3 Bxh3 13. Kxh3 Qd6 14. b3 e5 15.
dxe5 Bxe5 16. Nxe5 Qxe5 17. Qd2 d4 18. Nd1 Rfe8 19. Re1 Nd5 20. c3 dxc3 21. Qc2
Nb4 22. Qc1 Qf5+ 23. Kg2 c2 24. Ne3 Qe4+ 25. Kg1 Rad8 26. Qb2 Rd2 27. Nc4 Rxe2
28. Kf1 Rxe1+ 29. Rxe1 Qxe1+ 30. Kg2 c1=Q 31. Ne3 Qh1# 0-1

[Event "Challenge"]
[Site "http://www.queenalice.com/game.php?id=1864279"]
[Date "2025.10.14"]
[Round "-"]
[White "ChrisBidlack"]
[Black "MisterTibs"]
[Result "0-1"]
[WhiteElo "2002"]
[BlackElo "2341"]

1. Nf3 Nc6 2. Nc3 d5 3. d4 Bf5 4. e3 Nf6 5. Bb5 e6 6. Bxc6+ bxc6 7. Ne5 c5 8.
dxc5 Bxc5 9. O-O O-O 10. Nb5 a6 11. Nc3 Ne4 12. Ne2 Bd6 13. Nf3 Bg4 14. Nfd4 Bh5
15. Qd3 Qh4 16. g3 Qh3 17. Nf4 Bxf4 18. exf4 c5 19. Nf3 c4 20. Qe3 h6 21. Nh4
Nf6 22. f3 Rfd8 23. Qd2 a5 24. Qg2 Qxg2+ 25. Kxg2 Bg6 26. Nxg6 fxg6 27. Bd2 a4
28. Rae1 Rab8 29. Bc3 d4 30. Ba5 Rd7 31. Rxe6 Rxb2 32. Rc1 d3 33. Kh3 Rxc2 34.
Rce1 Rxa2 35. Rc6 Rc2 36. Bb4 Rb7 37. Rc8+ Kh7 38. Bf8 Rbb2 39. Rh1 d2 40. Rc7
Kg8 41. Bxg7 Rc1 42. Bxf6 Rbb1 43. Bd4 Rxh1 44. Rc8+ Kf7 45. Rc7+ Ke6 46. Rg7
d1=Q 47. Rxg6+ Kd5 48. Be5 Qxf3 49. Rd6+ Kc5 50. Rd2 Qh5+ 51. Kg2 Rxh2# 0-1